Русские повести XIX века 40-х - 50-х годов. Т. 1: [Д.В. Григорович. И.И. Панаев. Я.П. Бутков. В.И. Даль. Е.П. Гребенка] (Запись № 8056307)

Подробности
000 -МАРКЕР
контрольное поле 01296nam2a22002531 4500
001 - ИДЕНТИФИКАТОР ЗАПИСИ
контрольное поле rc\4146803
005 - ИДЕНТИФИКАТОР ВЕРСИИ
контрольное поле 20250610124011.0
021 ## - НОМЕР ГОСУДАРСТВЕННОЙ РЕГИСТРАЦИИ
Код страны Российская Федерация
Номер [52-27628]
035 ## - ДРУГИЕ СИСТЕМНЫЕ НОМЕРА
Идентификатор записи (NLR Aleph) 007904120
100 ## - ДАННЫЕ ОБЩЕЙ ОБРАБОТКИ
Данные общей обработки 20130415d1952 |||y0rusy50 ca
101 0# - ЯЗЫК РЕСУРСА
Язык текста, звукозаписи и т.д. русский
102 ## - СТРАНА ПУБЛИКАЦИИ ИЛИ ПРОИЗВОДСТВА
Страна публикации Российская Федерация
105 ## - ПОЛЕ КОДИРОВАННЫХ ДАННЫХ: ТЕКСТОВЫЕ МАТЕРИАЛЫ, МОНОГРАФИЧЕСКИЕ
Кодированные данные о монографическом текстовом документе y z |||||
200 1# - ЗАГЛАВИЕ И СВЕДЕНИЯ ОБ ОТВЕТСТВЕННОСТИ
Основное заглавие [Д.В. Григорович. И.И. Панаев. Я.П. Бутков. В.И. Даль. Е.П. Гребенка]
210 ## - ПУБЛИКАЦИЯ, РАСПРОСТРАНЕНИЕ И ДР.
Дата издания, распространения и т.д. 1952
Место издания, распространения и т.д. Б. м.
215 ## - ФИЗИЧЕСКАЯ ХАРАКТЕРИСТИКА
Специфическое обозначение материала и объем XLVIII, 712 с.
461 #0 - УРОВЕНЬ НАБОРА
Встроенное поле 001rc\4146802
-- 2001#$aРусские повести XIX века 40-х - 50-х годов$f[Подготовка текста, вступ. статья, с. V-XLVIII, и примеч. Б.С. Мейлаха]. Т. 1-$vТ. 1
Системный номер (АБИС) связанной записи 8056304
Место публикации Москва
Дата публикации 1952
Первые сведения об ответственности [Подготовка текста, вступ. статья, с. V-XLVIII, и примеч. Б.С. Мейлаха]. Т. 1-
Имя издателя, распространителя и т.д. Гослитиздат
Заглавие Русские повести XIX века 40-х - 50-х годов
Номер тома Т. 1
464 #0 - АНАЛИТИЧЕСКИЙ УРОВЕНЬ
Встроенное поле 701#1$aГригорович$bД.В.
-- 701#1$aПанаев$bИ.И.
-- 701#1$aБутков$bЯ.П.
-- 701#1$aДаль$bВ.И.
-- 701#1$aГребенка$bЕ.П.
801 #0 - ИСТОЧНИК ЗАПИСИ
Страна Российская Федерация
Организация NLR
Правила каталогизации psbo
801 #1 - ИСТОЧНИК ЗАПИСИ
Страна Российская Федерация
Организация ELAR
Источник данных rusmarc
852 ## - МЕСТОНАХОЖДЕНИЕ И ШИФР ХРАНЕНИЯ
Идентификатор организации NLR
Шифр хранения (Call Number) Л30 Г-5/675
942 ## - ДОПОЛНИТЕЛЬНЫЕ ЭЛЕМЕНТЫ ЗАПИСИ (АБИС)
Тип экземпляра АБИС Книга
980 ## - КОЛЛЕКЦИЯ
Название коллекции Национальная библиография
Экземпляры
Тип экземпляра Дата поступления Библиотека постоянного хранения Библиотека текущего хранения Место хранения Шифр хранения Штрих-код Статус экземпляра Источник поступления
Книга 26.10.2013 РНБ (Садовая) РНБ (Садовая) Русский книжный фонд -Главное здание, Ленинский читальный зал Л30 Г-5/675(1) 1-3725221    
Книга 14.03.2014 РНБ (Садовая) РНБ (Садовая) Фонд научного зала литературы и искусства Нз Ш6(2=Р)/Р-893 1-334410   Подсобные фонды РНБ
Книга 28.05.2015 РНБ (Фонтанка) РНБ (Фонтанка) Юношеский читальный зал Ю Рус./Р-89 1-459375   Источник неизвестен